[Event "CRO-chT2 Center"]
[Site "Croatia"]
[Date "2015.09.13"]
[Round "7.26"]
[White "Turcin, Lovro"]
[Black "Hudolin, Kresimir"]
[Result "1-0"]
[WhiteElo "2054"]
[BlackElo "2029"]
[PlyCount "50"]
[EventDate "2015.03.22"]
[EventType "team-tourn"]
[EventRounds "11"]
[EventCountry "CRO"]
[SourceTitle "EXT 2016"]
[Source "ChessBase"]
[SourceDate "2015.10.08"]
[SourceVersion "1"]
[SourceVersionDate "2015.10.08"]
[SourceQuality "1"]

1. e4 c6 2. d4 d5 3. Nc3 dxe4 4. Nxe4 Nf6 5. Nxf6+ exf6 6. Nf3 Bg4 7. Bd3 Bxf3 8. Qxf3 Qxd4 9. 0-0 Be7 10. Be3 Qd5 11. Qg4 Nd7 12. Rad1 Ne5 13. Qxg7 Rf8 14. Bxh7 Qxa2 15. Bf5 Qa5 16. Bh3 Rd8 17. Bd4 a6 18. c3 Rd5 19. f4 Ng6 20. Bxf6 Qa4 21. Rde1 Qc4 22. f5 Qc5+ 23. Kh1 Nh4 24. Rxe7+ Qxe7 25. Bxe7 Kxe7 1-0

[Event "CRO-chT2 Center"]
[Site "Croatia"]
[Date "2015.04.12"]
[Round "3.46"]
[White "Stojkovic, Josip"]
[Black "Hudolin, Kresimir"]
[Result "1-0"]
[WhiteElo "2093"]
[BlackElo "2037"]
[PlyCount "75"]
[EventDate "2015.03.22"]
[EventType "team-tourn"]
[EventRounds "11"]
[EventCountry "CRO"]
[SourceTitle "EXT 2016"]
[Source "ChessBase"]
[SourceDate "2015.10.08"]
[SourceVersion "1"]
[SourceVersionDate "2015.10.08"]
[SourceQuality "1"]

1. e4 c6 2. d4 d5 3. Nc3 dxe4 4. Nxe4 Nd7 5. Bd3 Ngf6 6. Ng5 h6 7. Ne6 Qb6 8. Nxf8 Nxf8 9. Nf3 Bg4 10. c3 e6 11. 0-0 Bh5 12. Re1 Qc7 13. Be2 N8d7 14. Bd2 0-0 15. Qc1 Rfe8 16. Bf4 Qb6 17. h3 c5 18. Be3 Qc7 19. g4 Bg6 20. Bb5 Red8 21. g5 hxg5 22. Bxg5 Rdc8 23. Bxd7 Nxd7 24. Bf4 Qc6 25. Qe3 cxd4 26. Nxd4 Qb6 27. Nb3 Qb5 28. Rad1 Nf6 29. Bg3 a5 30. Qe5 Nd5 31. Rd2 a4 32. Nd4 Qb6 33. a3 Rc5 34. Qd6 Ra6 35. Qb8+ Kh7 36. Nf3 f6 37. Rd4 Ne7 38. Rd8 1-0

[Event "Velika Gorica op 12th"]
[Site "Velika Gorica"]
[Date "2014.08.19"]
[Round "2"]
[White "Zufic, Miroslav"]
[Black "Hudolin, Kresimir"]
[Result "0-1"]
[WhiteElo "2477"]
[BlackElo "2089"]
[PlyCount "108"]
[EventDate "2014.08.18"]
[EventType "swiss"]
[EventRounds "9"]
[EventCountry "CRO"]
[SourceTitle "EXT 2015"]
[Source "ChessBase"]
[SourceDate "2014.11.20"]
[SourceVersion "1"]
[SourceVersionDate "2014.11.20"]
[SourceQuality "1"]

1. e4 c6 2. d4 d5 3. Nc3 dxe4 4. Nxe4 Nf6 5. Nxf6+ exf6 6. Bc4 Bd6 7. Ne2 0-0 8. Qd3 Re8 9. Be3 b5 10. Bb3 Na6 11. c3 Nc7 12. 0-0 Nd5 13. Bd2 Bg4 14. Ng3 Bxg3 15. Qxg3 Qd7 16. Rfe1 Be2 17. a4 Nb6 18. axb5 cxb5 19. Bh6 g6 20. Qf4 f5 21. f3 Bc4 22. Bc2 Rxe1+ 23. Rxe1 Re8 24. Qh4 Rxe1+ 25. Qxe1 f6 26. h3 Kf7 27. Qg3 a5 28. Qb8 Nc8 29. b3 Bd5 30. Bd3 Bc6 31. Be3 a4 32. bxa4 bxa4 33. c4 Qb7 34. Qxb7+ Bxb7 35. c5 Bd5 36. Bc1 Na7 37. Kf2 Ke6 38. g4 fxg4 39. fxg4 Nc6 40. Ke3 Nb4 41. Bb1 Bb3 42. h4 f5 43. gxf5+ gxf5 44. h5 Bc2 45. Bxc2 Nxc2+ 46. Kd3 Nb4+ 47. Kc4 Nd5 48. Ba3 f4 49. Kd3 f3 50. c6 Kf5 51. Bd6 Kg4 52. c7 Nxc7 53. Bxc7 a3 54. Be5 Kh3 0-1

[Event "Srpska Republic-chT 1st League"]
[Site "Banja Vrucica"]
[Date "2014.08.09"]
[Round "1.1"]
[White "Hudolin, Kresimir"]
[Black "Stojicic, Slavko"]
[Result "0-1"]
[WhiteElo "2089"]
[BlackElo "2114"]
[PlyCount "98"]
[EventDate "2014.08.09"]
[EventType "team-tourn"]
[EventRounds "9"]
[EventCountry "BIH"]
[SourceTitle "EXT 2016"]
[Source "ChessBase"]
[SourceDate "2015.10.08"]
[SourceVersion "1"]
[SourceVersionDate "2015.10.08"]
[SourceQuality "1"]
[WhiteTeam "Teslic Mladost"]
[BlackTeam "Kozarska Dubica"]
[WhiteTeamCountry "BIH"]
[BlackTeamCountry "BIH"]

1. d4 d5 2. c4 e6 3. Nc3 Nf6 4. Bg5 Be7 5. e3 h6 6. Bh4 c6 7. Nf3 Nbd7 8. cxd5 exd5 9. Bd3 0-0 10. Qc2 Re8 11. 0-0 Nh5 12. Bxe7 Qxe7 13. a3 Nf8 14. b4 a6 15. Na4 Nf6 16. Ne5 Ng4 17. Nb6 Nxe5 18. Nxa8 Nxd3 19. Qxd3 Qd8 20. b5 Bd7 21. bxa6 Qxa8 22. axb7 Qxb7 23. a4 Ra8 24. a5 Qb5 25. Qa3 Bf5 26. Rfc1 Ne6 27. Rc3 Bh7 28. Rb3 Rxa5 29. Qxa5 Qxb3 30. Rc1 Bd3 31. Qc3 Qxc3 32. Rxc3 Bb5 33. f3 f5 34. Kf2 f4 35. g3 fxe3+ 36. Kxe3 c5 37. Kf2 cxd4 38. Rc1 Bc4 39. Rd1 Kf7 40. f4 d3 41. Ke3 Kf6 42. g4 Ke7 43. h4 Kd6 44. f5 Nc5 45. Kf4 Bb3 46. Rd2 Bc2 47. g5 hxg5+ 48. hxg5 Ne4 49. f6 g6 0-1

[Event "Velika Gorica op 11th"]
[Site "Velika Gorica"]
[Date "2013.08.29"]
[Round "9"]
[White "Livaic, Damir"]
[Black "Hudolin, Kresimir"]
[Result "1/2-1/2"]
[WhiteElo "2043"]
[BlackElo "2084"]
[PlyCount "142"]
[EventDate "2013.08.19"]
[EventType "swiss"]
[EventRounds "9"]
[EventCountry "CRO"]
[SourceTitle "CBM 156 Extra"]
[Source "ChessBase"]
[SourceDate "2013.10.22"]
[SourceVersion "1"]
[SourceVersionDate "2013.10.22"]
[SourceQuality "1"]

1. c4 Nf6 2. Nc3 e5 3. Nf3 Nc6 4. d3 d6 5. g3 Be7 6. Bg2 0-0 7. 0-0 h6 8. Rb1 Be6 9. b4 Qc8 10. b5 Nd8 11. Ba3 Bh3 12. Nxe5 Nh7 13. Nf3 Bxg2 14. Kxg2 Ne6 15. Nd5 Re8 16. Bc1 Bg5 17. Bxg5 Nhxg5 18. Nxg5 hxg5 19. e3 c6 20. bxc6 bxc6 21. Nc3 g6 22. Ne4 Qd8 23. Qf3 f5 24. Nc3 Qd7 25. h3 Rf8 26. Rb2 g4 27. hxg4 fxg4 28. Qe4 Rf6 29. Rfb1 Ng5 30. Qd4 Qf5 31. Qf4 Raf8 32. Qxf5 Rxf5 33. Nd1 Nf3 34. e4 Rg5 35. Ne3 Rf7 36. Rb8+ Kg7 37. Rd8 Ra5 38. Nxg4 Ne5 39. Nxe5 dxe5 40. Ra1 Ra3 41. Rd6 Rc3 42. a4 Rc2 43. Rf1 Ra2 44. Rxc6 Rxa4 45. f4 exf4 46. Rxf4 Rd7 47. Rff6 Rxd3 48. Rxg6+ Kh7 49. Rge6 Rd7 50. e5 Ra3 51. Rcd6 Rc7 52. c5 Rc3 53. c6 Kg8 54. Rd7 Rc8 55. Rxa7 R3xc6 56. Ree7 Rg6 57. Kh3 Kf8 58. Rh7 Kg8 59. Rhd7 Re6 60. Rd5 Rce8 61. Raa5 Kf7 62. Kg4 Kg6 63. Rd6 Rxd6 64. exd6 Re4+ 65. Kf3 Rd4 66. Ra6 Kf5 67. Ke3 Rd1 68. g4+ Ke5 69. Ra5+ Kxd6 70. Rf5 Ke6 71. Kf2 Rd3 1/2-1/2

[Event "Velika Gorica op 11th"]
[Site "Velika Gorica"]
[Date "2013.08.20"]
[Round "2"]
[White "Hudolin, Kresimir"]
[Black "Mrdja, Milan"]
[Result "0-1"]
[WhiteElo "2084"]
[BlackElo "2377"]
[PlyCount "88"]
[EventDate "2013.08.19"]
[EventType "swiss"]
[EventRounds "9"]
[EventCountry "CRO"]
[SourceTitle "CBM 156 Extra"]
[Source "ChessBase"]
[SourceDate "2013.10.22"]
[SourceVersion "1"]
[SourceVersionDate "2013.10.22"]
[SourceQuality "1"]

1. d4 g6 2. g3 Bg7 3. Bg2 d5 4. c4 dxc4 5. Qa4+ c6 6. e3 b5 7. Qc2 Bb7 8. a4 Qc8 9. Nc3 Na6 10. axb5 cxb5 11. Bxb7 Qxb7 12. Qe4 Qxe4 13. Nxe4 Nb4 14. Ke2 Nd3 15. Nf3 Nf6 16. Nc3 b4 17. Nb5 0-0 18. Nc7 Rad8 19. Bd2 Ne4 20. Rxa7 Rd7 21. Rha1 e5 22. Nb5 Rxa7 23. Rxa7 Rb8 24. Ra5 Nxd2 25. Kxd2 Nxb2 26. Kc2 c3 27. Nd6 b3+ 28. Kxc3 Nd1+ 29. Kd3 b2 30. Nd2 exd4 31. exd4 Nxf2+ 32. Kc2 Bxd4 33. Rb5 Rd8 34. N6c4 Ng4 35. Nf3 Bf6 36. Nxb2 Ne3+ 37. Kb3 h5 38. Rb6 Kg7 39. Rb4 Rd7 40. h3 Re7 41. Nd3 Nd5 42. Rb5 Nc7 43. Rb7 Re3 44. Nfe1 Ne6 0-1

[Event "CRO-chT2 Center 22nd"]
[Site "Sisak"]
[Date "2013.04.28"]
[Round "6.1"]
[White "Blagojevic, Marijan"]
[Black "Hudolin, Kresimir"]
[Result "1/2-1/2"]
[WhiteElo "2144"]
[BlackElo "2061"]
[PlyCount "53"]
[EventDate "2013.04.14"]
[EventType "team-tourn"]
[EventRounds "11"]
[EventCountry "CRO"]
[SourceTitle "EXT 2016"]
[Source "ChessBase"]
[SourceDate "2015.10.08"]
[SourceVersion "1"]
[SourceVersionDate "2015.10.08"]
[SourceQuality "1"]

1. d4 d5 2. c4 c6 3. Nc3 Nf6 4. Nf3 a6 5. Bf4 dxc4 6. a4 Nd5 7. Bd2 b5 8. g3 e6 9. Bg2 Bb7 10. 0-0 Nd7 11. Qc2 Be7 12. b3 cxb3 13. Qxb3 Nxc3 14. Bxc3 0-0 15. Nd2 Qb8 16. Rfb1 Nb6 17. Ne4 Nd5 18. Bd2 Qa7 19. Qd3 Qb6 20. Ng5 Nf6 21. Be3 Qc7 22. Rc1 Qd7 23. Nf3 Bd6 24. Ne5 Bxe5 25. dxe5 Qxd3 26. exd3 Nd5 27. Bxd5 1/2-1/2

[Event "CRO-chT2 Center 22nd"]
[Site "Sisak"]
[Date "2013.04.28"]
[Round "5.6"]
[White "Buric, Zdenko"]
[Black "Hudolin, Kresimir"]
[Result "1/2-1/2"]
[WhiteElo "2159"]
[BlackElo "2061"]
[PlyCount "72"]
[EventDate "2013.04.14"]
[EventType "team-tourn"]
[EventRounds "11"]
[EventCountry "CRO"]
[SourceTitle "EXT 2016"]
[Source "ChessBase"]
[SourceDate "2015.10.08"]
[SourceVersion "1"]
[SourceVersionDate "2015.10.08"]
[SourceQuality "1"]

1. d4 d5 2. Nf3 Nf6 3. c4 c6 4. Nc3 a6 5. Ne5 dxc4 6. Nxc4 b5 7. Ne5 Bb7 8. Bg5 Nbd7 9. Nd3 Qb6 10. e3 e6 11. b4 Nd5 12. Nxd5 cxd5 13. Be2 Bd6 14. Nc5 Bc6 15. 0-0 0-0 16. Bh4 Ra7 17. Qc2 Rc8 18. Bg3 Bxg3 19. hxg3 Qd8 20. Nxd7 Bxd7 21. Qb2 Qb6 22. Rac1 Rac7 23. Rxc7 Qxc7 24. Bd1 g6 25. Bb3 Qc3 26. Qxc3 Rxc3 27. Rd1 h5 28. Kf1 Kf8 29. Ke2 Ke7 30. Kd2 Rc7 31. Bc2 Kd6 32. f4 f5 33. Bd3 Bc8 34. Rc1 Rxc1 35. Kxc1 Kc7 36. a4 Kb6 1/2-1/2

[Event "CRO-chT2 Center"]
[Site "Zagreb"]
[Date "2012.10.28"]
[Round "11.46"]
[White "Hudolin, Kresimir"]
[Black "Horvat, David"]
[Result "0-1"]
[WhiteElo "2056"]
[BlackElo "2184"]
[PlyCount "76"]
[EventDate "2012.03.18"]
[EventType "team-swiss"]
[EventRounds "11"]
[EventCountry "CRO"]
[SourceTitle "EXT 2019"]
[Source "ChessBase"]
[SourceDate "2018.10.10"]
[SourceVersion "1"]
[SourceVersionDate "2018.10.10"]
[SourceQuality "1"]

1. d4 Nf6 2. Nf3 g6 3. c4 c5 4. d5 e6 5. Nc3 exd5 6. cxd5 d6 7. e4 Bg7 8. Be2 0-0 9. 0-0 a6 10. a4 Bg4 11. h3 Bxf3 12. Bxf3 Nbd7 13. Bf4 Qe7 14. Qc2 h5 15. Be2 Rfe8 16. f3 Nh7 17. Bh2 Rac8 18. Rfe1 c4 19. f4 Rc5 20. Bf3 b5 21. axb5 axb5 22. Re2 b4 23. Nd1 Kh8 24. Kh1 Qd8 25. g4 hxg4 26. hxg4 b3 27. Qb1 Rc8 28. Bg3 Nc5 29. Be1 Qc7 30. Bc3 Nd3 31. Bg2 Nf6 32. Nf2 Nxf4 33. Rd2 Nd7 34. Qc1 Ne5 35. Qd1 Qe7 36. Kg1 Qh4 37. Qe1 Nf3+ 38. Bxf3 Qg3+ 0-1

[Event "CRO-chT2 Center"]
[Site "Zagreb"]
[Date "2012.10.14"]
[Round "8.56"]
[White "Margeta, Zeljko"]
[Black "Hudolin, Kresimir"]
[Result "1/2-1/2"]
[WhiteElo "2058"]
[BlackElo "2056"]
[PlyCount "101"]
[EventDate "2012.03.18"]
[EventType "team-swiss"]
[EventRounds "11"]
[EventCountry "CRO"]
[SourceTitle "EXT 2019"]
[Source "ChessBase"]
[SourceDate "2018.10.10"]
[SourceVersion "1"]
[SourceVersionDate "2018.10.10"]
[SourceQuality "1"]

1. d4 d5 2. Nf3 Nf6 3. Bf4 Bf5 4. c3 c6 5. e3 e6 6. Qb3 Qb6 7. h3 Nbd7 8. Nbd2 Be7 9. Be2 0-0 10. Nh4 Be4 11. Nhf3 Bg6 12. 0-0 c5 13. Nh4 Be4 14. f3 Bg6 15. Nxg6 hxg6 16. Rfe1 Rfc8 17. Bf1 Nh5 18. Bh2 Bh4 19. Red1 Bg3 20. Qxb6 Nxb6 21. Bd3 cxd4 22. exd4 Rc7 23. Bxg3 Nxg3 24. Kf2 Nf5 25. g4 Nd6 26. f4 Nbc4 27. Nxc4 Nxc4 28. Bxc4 Rxc4 29. a4 Rac8 30. Ke3 R4c6 31. Kd3 Ra6 32. b3 Rc7 33. c4 Rb6 34. Rab1 Rb4 35. cxd5 exd5 36. Re1 Kf8 37. Re5 Rd7 38. h4 Rb6 39. Kc3 f6 40. Re3 Rc7+ 41. Kb2 Rbc6 42. Rbe1 Kf7 43. a5 Rc2+ 44. Ka3 Rf2 45. Re8 Rxf4 46. Rd8 Rxd4 47. Ree8 Rxg4 48. Rf8+ Ke6 49. Rfe8+ Kf7 50. Rf8+ Ke6 51. Rfe8+ 1/2-1/2

[Event "CRO-chT2 Center"]
[Site "Croatia"]
[Date "2011.10.16"]
[Round "9.45"]
[White "Hudolin, Kresimir"]
[Black "Matko, Ognjen"]
[Result "0-1"]
[WhiteElo "2059"]
[BlackElo "2236"]
[PlyCount "76"]
[EventDate "2011.03.20"]
[EventType "team-tourn"]
[EventRounds "11"]
[EventCountry "CRO"]
[SourceTitle "EXT 2014"]
[Source "ChessBase"]
[SourceDate "2013.11.20"]
[SourceVersion "1"]
[SourceVersionDate "2013.11.20"]
[SourceQuality "1"]

1. d4 Nf6 2. Nf3 c5 3. c3 e6 4. Bg5 cxd4 5. Bxf6 Qxf6 6. cxd4 Nc6 7. e3 Bb4+ 8. Nc3 0-0 9. Be2 d5 10. 0-0 Rd8 11. Rc1 Bd6 12. a3 Qh6 13. g3 f5 14. b4 g5 15. Qb3 Bd7 16. Nb5 Bb8 17. a4 Kh8 18. Na3 f4 19. exf4 gxf4 20. b5 Ne7 21. Ne5 Be8 22. Qb2 Nf5 23. Qd2 fxg3 24. Qxh6 gxf2+ 25. Rxf2 Nxh6 26. Rf6 Nf5 27. Nf3 Bd6 28. Ra1 Kg7 29. Rxe6 Bf7 30. Ng5 h6 31. Rxd6 Rxd6 32. Nxf7 Kxf7 33. Nc2 Rg8+ 34. Kf2 Rf6 35. Bf3 Nh4 36. Ne1 Re8 37. Kg3 Nxf3 38. Nxf3 Re3 0-1

[Event "CRO-chT2 Center"]
[Site "Zagreb"]
[Date "2010.03.28"]
[Round "4.66"]
[White "Hudolin, Kresimir"]
[Black "Majer, Ivan"]
[Result "1-0"]
[WhiteElo "2055"]
[BlackElo "1909"]
[PlyCount "61"]
[EventDate "2010.03.21"]
[EventType "team-tourn"]
[EventRounds "11"]
[EventCountry "CRO"]
[SourceTitle "EXT 2012"]
[Source "ChessBase"]
[SourceDate "2011.11.24"]
[SourceVersion "1"]
[SourceVersionDate "2011.11.24"]
[SourceQuality "1"]

1. d4 Nf6 2. Nf3 g6 3. g3 Bg7 4. Bg2 0-0 5. 0-0 d6 6. Nbd2 c5 7. c3 Qc7 8. e4 Bg4 9. h3 Bxf3 10. Bxf3 Nbd7 11. Nb3 Rac8 12. Be3 b5 13. Re1 Qb8 14. e5 dxe5 15. dxc5 Rfd8 16. Qc2 e6 17. Rad1 Bf8 18. Na5 e4 19. Bxe4 Nxe4 20. Qxe4 Nxc5 21. Qf3 Rxd1 22. Rxd1 Qc7 23. Nb3 Nxb3 24. axb3 a6 25. b4 Be7 26. Bf4 Qa7 27. Be5 Rd8 28. Rxd8+ Bxd8 29. Qc6 Be7 30. Qe8+ Bf8 31. Bd6 1-0

[Event "CRO-chT2 Center"]
[Site "Zagreb"]
[Date "2010.03.21"]
[Round "1.35"]
[White "Hudolin, Kresimir"]
[Black "Jelecevic, Ivo"]
[Result "0-1"]
[WhiteElo "2055"]
[BlackElo "2180"]
[PlyCount "90"]
[EventDate "2010.03.21"]
[EventType "team-tourn"]
[EventRounds "11"]
[EventCountry "CRO"]
[SourceTitle "EXT 2012"]
[Source "ChessBase"]
[SourceDate "2011.11.24"]
[SourceVersion "1"]
[SourceVersionDate "2011.11.24"]
[SourceQuality "1"]

1. d4 d5 2. Nf3 Nf6 3. c4 c6 4. Nc3 e6 5. Bg5 h6 6. Bh4 g5 7. Bg3 dxc4 8. a4 Bb4 9. e3 b5 10. Be2 Nbd7 11. 0-0 Qb6 12. Ne5 Bb7 13. f4 Rh7 14. Qc2 Rg7 15. fxg5 hxg5 16. Bf3 a6 17. Ne4 Nd5 18. Nxd7 Kxd7 19. Qf2 f5 20. Be5 fxe4 21. Bxg7 Rg8 22. Bxe4 Rxg7 23. Bxd5 cxd5 24. Qf6 Re7 25. Qxg5 Bd6 26. axb5 axb5 27. h4 e5 28. h5 exd4 29. Qg4+ Kc7 30. exd4 Bc8 31. Qh4 Re4 32. Rf7+ Kc6 33. Qf2 Qxd4 34. Qxd4 Rxd4 35. h6 Rh4 36. h7 Be5 37. Rf8 Bg4 38. Kf2 Kc5 39. Rg8 b4 40. g3 Bd4+ 41. Kg2 Bh3+ 42. Kf3 Rh6 43. g4 Bxg4+ 44. Kxg4 Bxb2 45. Kg5 Rh2 0-1

[Event "CRO-chT2 Center"]
[Site "Zagreb"]
[Date "2010.03.21"]
[Round "2.55"]
[White "Vitaljic, Nebojsa"]
[Black "Hudolin, Kresimir"]
[Result "1/2-1/2"]
[WhiteElo "2141"]
[BlackElo "2055"]
[PlyCount "20"]
[EventDate "2010.03.21"]
[EventType "team-tourn"]
[EventRounds "11"]
[EventCountry "CRO"]
[SourceTitle "EXT 2012"]
[Source "ChessBase"]
[SourceDate "2011.11.24"]
[SourceVersion "1"]
[SourceVersionDate "2011.11.24"]
[SourceQuality "1"]

1. c4 Nf6 2. Nf3 c6 3. d4 d5 4. g3 dxc4 5. Bg2 Nbd7 6. 0-0 e6 7. Qc2 Be7 8. Qxc4 0-0 9. Nc3 Qa5 10. Bd2 Qb4 1/2-1/2

[Event "Zagreb op-B"]
[Site "Zagreb"]
[Date "2009.03.26"]
[Round "6"]
[White "Petrovic, Zvonko"]
[Black "Hudolin, Kresimir"]
[Result "1-0"]
[WhiteElo "2256"]
[BlackElo "2065"]
[PlyCount "47"]
[EventDate "2009.03.21"]
[EventType "swiss"]
[EventRounds "9"]
[EventCountry "CRO"]
[SourceTitle "CBM 129 Extra"]
[Source "ChessBase"]
[SourceDate "2009.05.05"]
[SourceVersion "2"]
[SourceVersionDate "2009.05.20"]
[SourceQuality "1"]

1. Nf3 d5 2. g3 Nf6 3. Bg2 c6 4. 0-0 Bf5 5. d3 e6 6. Nbd2 Nbd7 7. b3 Qa5 8. Bb2 Ba3 9. Qc1 Bxb2 10. Qxb2 0-0 11. b4 Qc7 12. c4 a5 13. b5 dxc4 14. Nxc4 a4 15. Nd4 c5 16. b6 Qb8 17. Nb5 Ra6 18. Nc7 Nxb6 19. Nxa6 Nxc4 20. Qxb7 Qxb7 21. Bxb7 Nb2 22. a3 c4 23. Ra2 c3 24. Rc1 1-0

[Event "Zagreb op-B"]
[Site "Zagreb"]
[Date "2009.03.24"]
[Round "4"]
[White "Malada, Vinko"]
[Black "Hudolin, Kresimir"]
[Result "0-1"]
[WhiteElo "2238"]
[BlackElo "2065"]
[PlyCount "112"]
[EventDate "2009.03.21"]
[EventType "swiss"]
[EventRounds "9"]
[EventCountry "CRO"]
[SourceTitle "CBM 129 Extra"]
[Source "ChessBase"]
[SourceDate "2009.05.05"]
[SourceVersion "2"]
[SourceVersionDate "2009.05.20"]
[SourceQuality "1"]

1. d4 d5 2. c4 c6 3. Nc3 Nf6 4. Nf3 dxc4 5. a4 Bf5 6. e3 e6 7. Bxc4 Nbd7 8. 0-0 Be7 9. Qe2 0-0 10. e4 Bg4 11. h3 Bh5 12. Rd1 Nb6 13. Bb3 a5 14. g4 Bg6 15. Ne5 Bb4 16. Bc2 Nfd7 17. f4 f6 18. Nxg6 hxg6 19. Bb3 Re8 20. f5 Nf8 21. Qf2 Qe7 22. Be3 Nbd7 23. Ne2 Bd6 24. Rac1 gxf5 25. gxf5 g5 26. e5 fxe5 27. dxe5 Bxe5 28. Nd4 Kh8 29. fxe6 Nf6 30. Qf5 Bc7 31. Bxg5 N8h7 32. Bf4 Rad8 33. Be5 Bxe5 34. Qxe5 Rg8+ 35. Kh1 Rg5 36. Qe3 Nd5 37. Bxd5 Rgxd5 38. Rf1 Rxd4 39. Rf7 Qd6 40. Rg1 Qd5+ 41. Rg2 Rg8 42. Rff2 Rxg2 43. Rxg2 Rd3 44. Qf4 Rxh3+ 45. Kg1 Qd1+ 46. Kf2 Qc2+ 47. Kg1 Qb1+ 48. Kf2 Qxb2+ 49. Kg1 Qa1+ 50. Kf2 Qf6 51. Qxf6+ Nxf6 52. Rg6 Ne8 53. e7 Rh7 54. Re6 Rf7+ 55. Ke3 Rf6 56. Re5 b6 0-1